Statistiken für Nennen Sie einen gültigen Nummer 1-Hit #3

Klicken Sie hier um das Quiz zu spielen!

Allgemein

  • Dieses Quiz wurde 461 mal gespielt
  • Das Durchschnittsergebnis liegt bei 7 aus 20

Antwortstatistiken

Nennen Sie einen Number 1 Hit von...Antworten% Korrekt
ShakiraWhenever, Wherever | Hips Don’t Lie | Beautiful Liar | Waka Waka (This Time for Africa)
85%
AdeleRolling in the Deep | Skyfall | Hello | Easy on Me
80%
Ed SheeranShape of You | Perfect | Bad Habits | Shivers
78%
AviciiWake Me Up | Hey Brother
62%
50 CentIn da Club | Candy Shop
56%
P!nkLady Marmalade | So What | Just Give Me a Reason
43%
Justin TimberlakeWhere Is the Love? | SexyBack | 4 Minutes | Can’t Stop the Feeling!
43%
UsherYeah!
43%
Boney M.Daddy Cool | Sunny | Ma Baker | Belfast | Rivers of Babylon/Brown Girl in the Ring | Rasputin/Painter Man | Mary’s Boy Child – Oh My Lord/Dancing in the Streets | El Lute/Gotta Go Home
42%
The Black Eyed PeasWhere Is the Love? | Shut Up | Meet Me Halfway | The Time (Dirty Bit)
39%
PitbullOn The Floor | Timber
35%
EnyaOnly Time | May It Be | I Don’t Wanna Know
26%
David GuettaSexy Bitch / Sexy Chick | Lovers on the Sun | Dangerous | This One’s for You
21%
TimbalandSexyBack | Apologize | 4 Minutes
19%
Meat LoafI’d Do Anything for Love (But I Won’t Do That)
18%
Christina AguileraLady Marmalade
17%
Nelly FurtadoAll Good Things (Come to an End) | Broken Strings
11%
Sean PaulCheap Thrills | Rockabye
8%
Robbie Williams (ohne Take That)Tripping | Rudebox | Bodies
5%
The Kelly FamilyI Can’t Help Myself (I Love You, I Want You)
2%

Verteilung der Resultate

Perzentil nach korrekt beantworteten Fragen

Anzahl Personen mit jedem Resultat

Ihre Resultats-Entwicklung

Sie haben dieses Quiz noch nicht gespielt